American Capitals - Sudden Death - Statistics

General Stats
  • This quiz has been taken 92 times
  • The average score is 18 of 30
Answers on the Grid
Answers color-coded by a green-red scale on the quiz's grid according to % correct below.
Arequipa
Asunción
Atlanta
Basseterre
Belize City
Belmopan
Belo Horizonte
Bogotá
Braga
Brasilia
Bridgetown
Buenos Aires
Caracas
Castries
Funchal
Georgetown
Guadalajara
Guatemala City
Juarez
Kingston
Las Vegas
León
Lima
Malabo
Managua
Maracaibo
Medellín
Montevideo
Nassau
New York City
Ottawa
Panama City
Paramaribo
Phoenix
Podgorica
Port Harcourt
Port Moresby
Port of Spain
Port Sudan
Port Vila
Port-au-Prince
Quezon City
Quito
Rio de Janiero
Rosario
Roseau
Saint George's
Saint John's
Salvador
San José
San Salvador
Santiago
Santiago de Cuba
Santo Domingo
São Paulo
Tegucigalpa
Tijuana
Tipitapa
Trujillo
Ushuaia
 
Answer Stats
Answer % Correct
Bogotá
79%
Asunción
75%
Brasilia
75%
Buenos Aires
71%
Caracas
68%
Panama City
68%
Kingston
66%
Lima
66%
Montevideo
66%
Bridgetown
63%
Georgetown
63%
Guatemala City
63%
Belmopan
61%
Quito
61%
Basseterre
59%
Nassau
57%
Ottawa
57%
Port-au-Prince
54%
San Salvador
54%
Managua
52%
Port of Spain
52%
Paramaribo
50%
San José
50%
Santo Domingo
50%
Tegucigalpa
50%
Santiago
48%
Castries
45%
Saint George's
45%
Roseau
43%
Saint John's
43%
No matching quizzes found
Score Distribution
Percent of People with Each Score
Percentile by Number Answered
Your Score History
You have not taken this quiz